Statistics for Horror Movie Franchises #36: Dracula

Click here to take the quiz!

General Stats

  • This quiz has been taken 6 times
  • The average score is 2 of 5

Answer Stats

Movie% Correct
Dracula
100%
Son of Dracula
50%
Dracula’s Daughter
33%
House of Dracula
33%
House of Frankenstein
17%

Score Distribution

Percentile by Number Answered

Percent of People with Each Score

Your Score History

You have not taken this quiz